Lengua y Literatura : programa de estudio segundo medio

Su objetivo es que los alumnos adquieran las habilidades comunicativas que son indispensables para desenvolverse en el mundo y para integrarse en una sociedad democrática de manera activa e informada.

Detalles Bibliográficos
Autor Corporativo: Chile. Ministerio de Educación
Formato: Libro
Lenguaje:español
Publicado: Santiago, Chile : Ministerio de Educación, 2024.
Acceso en línea:Acceso electrónico al documento

MARC

LEADER 00000nam a22000007a 4500
008 251022s2024 cl |||| o|||| 00| 0 spa d
040 |a UAHC  |c UAHC 
110 |a Chile.  |b Ministerio de Educación  |9 1825 
245 |a Lengua y Literatura :  |b programa de estudio segundo medio  |c Ministerio de Educación. 
260 |a Santiago, Chile :   |b Ministerio de Educación,  |c 2024. 
300 |a 336 páginas 
500 |a Sitio visitado https://bibliotecadigital.mineduc.cl/bitstream/handle/20.500.12365/260/MONO-205.pdf?sequence=1&isAllowed=y el 22 de octubre de 2025. 
520 |a Su objetivo es que los alumnos adquieran las habilidades comunicativas que son indispensables para desenvolverse en el mundo y para integrarse en una sociedad democrática de manera activa e informada. 
856 |y Acceso electrónico al documento  |u https://bibliotecadigital.mineduc.cl/bitstream/handle/20.500.12365/260/MONO-205.pdf?sequence=1&isAllowed=y 
900 |a Recurso electrónico 
942 |c BK  |2 ddc 
952 |0 0  |1 0  |2 ddc  |4 0  |6 RECURSO_ELECTRÓNICO  |7 0  |8 COMP  |9 101411  |a BR  |b BR  |c Digital  |d 2025-10-22  |l 0  |o Recurso electrónico  |r 2025-10-22 17:06:23  |w 2025-10-22  |y BK  |B PFPED 
999 |c 63116  |d 63116